Marcatori del Torino in UEFA Europa League 2014-2015 - Statistics

Statistiche generali
  • Questo quiz è stato fatto 17 volte
  • Il punteggio medio è 12 su 15
Statistiche sulle risposte
Partita Minuto Marcatore % Corretto
Torino - Copenaghen 1-0 94' Fabio Quagliarella
100%
HJK - Torino 1-0 90' Fabio Quagliarella
100%
Athletic Bilbao - Torino 2-3 16' Fabio Quagliarella
100%
Torino - Athletic Bilbao 2-2 18' Maxi López
94%
Torino - Athletic Bilbao 2-2 42' Maxi López
94%
Athletic Bilbao - Torino 2-3 48' Maxi López
94%
Copenaghen- Torino 1-5 49' Matteo Darmian
88%
Athletic Bilbao - Torino 2-3 68' Matteo Darmian
88%
Torino - Zenit San Pietroburgo 1-0 90' Kamil Glik
75%
Torino - HJK 2-0 58' Amauri
69%
Copenaghen- Torino 1-5 42' Amauri
69%
Copenaghen- Torino 1-5 15' Josef Martínez
63%
Copenaghen- Torino 1-5 47' Josef Martínez
63%
Torino - HJK 2-0 35' Cristian Molinaro
44%
Copenaghen- Torino 1-5 53' Gastón Silva
25%
Nessun quiz corrispondente trovato
Distribuzione punteggi
Percentuale di utenti per punteggio
Percentile per numero di risposta
I tuoi punteggi nel tempo
Non hai fatto questo quiz